My Life My Horizon / (Record no. 197196)

MARC details
000 -LEADER
fixed length control field 00530nam a22001817a 4500
005 - DATE AND TIME OF LATEST TRANSACTION
control field 20230817161525.0
010 ## - LCCN (DPL NO)
LC control number ENG-86181 ENG-137098
020 ## - INTERNATIONAL STANDARD BOOK NUMBER
International Standard Book Number 9788123779980
Terms of availability 110.00
035 ## - SYSTEM CONTROL NUMBER
System control number EN-69714 EN-120630
037 ## - SOURCE OF ACQUISITION
Source of stock number/acquisition DBAD / PUB
082 ## - DEWEY DECIMAL CLASSIFICATION NUMBER
Classification number S
100 ## - MAIN ENTRY--PERSONAL NAME
Personal name Nitu
245 ## - TITLE STATEMENT
Title My Life My Horizon /
Statement of responsibility, etc by Nitu
260 ## - PUBLICATION, DISTRIBUTION, ETC. (IMPRINT)
Place of publication, distribution, etc New Delhi
Name of publisher, distributor, etc National Book Trust, India
Date of publication, distribution, etc 2017
270 ## - ADDRESS
Address Nehru Bhawan, 5 Institutional Area,Phase-II Vasant Kunj
City New Delhi
Postal code 110070
300 ## - PHYSICAL DESCRIPTION
Extent 101p.
Dimensions 21cm(pbk)
942 ## - ADDED ENTRY ELEMENTS (KOHA)
Item type English Books
Source of classification or shelving scheme Dewey Decimal Classification
Classification part S
Call number suffix NIT
Holdings
Withdrawn status Lost status Not for loan Collection code Home library Current library Date acquired Source of acquisition Cost, normal purchase price Full call number Barcode Copy number Cost, replacement price Koha item type
      Fiction R.K.Puram-8 R.K.Puram-8 17/08/2023 DBAD/PUB 110.00 S NIT EN-120630 1 110.00 English Books

© Delhi Public Library
Hit Counter
free hit counter